|
|
|
|
| LEADER |
00000nam a22000007a 4500 |
| 005 |
20210512004057.0 |
| 007 |
cr|||| |||| |
| 008 |
210512s2015 co |||||s|||| 00||0 spa d |
| 020 |
|
|
|a 978-958-762-447-2
|
| 035 |
|
|
|a 33407
|
| 040 |
|
|
|a vLex
|
| 090 |
|
|
|c 11643
|d 11643
|
| 100 |
1 |
|
|a Caballero Sǹchez de Puerta, Pilar
|
| 245 |
1 |
0 |
|a Negociacin̤ y contratacin̤ internacional
|h [Recurso electrn̤ico] /
|c Pilar Caballero Sǹchez de Puerta
|
| 256 |
|
|
|a Servicio en ln̕ea
|
| 260 |
|
|
|a Bogot:̀
|b Ediciones de la U,
|c 2015
|
| 300 |
|
|
|a 1 recurso electrn̤ico
|
| 500 |
|
|
|a Este libro le permitir ̀interpretar la normativa y los usos habituales que regulan las operaciones de compra y venta internacionales asi como elaborar el precontrato o contrato asociado a operaciones de compra-venta internacional y a concursos o procesos de licitacin̤ internacional de acuerdo con la normativa y los usos habituales en el comercio internacional. Aplicar tčnicas de negociacin̤ adecuadas en la determinacin̤ de las condiciones de operaciones de compra y venta internacionales y aplicar tčnicas de comunicacin̤ adecuadas en la preparacin̤ y el desarrollo de relaciones comerciales internacionales.
|
| 506 |
1 |
|
|a Disponible solo en los productos indicados
|d vLex Global
|d vLex Global (Academic Edition, excluding Law Schools)
|d vLex Global (U.S. Academic Edition, Law Schools)
|d vLex Global (U.S. Academic Edition, excluding Law Schools)
|d vLex Global (Academic Edition, Law Schools)
|
| 650 |
0 |
4 |
|a Comercio
|z Colombia
|
| 740 |
0 |
|
|a vLex Libros (Servicio en ln̕ea)
|
| 856 |
4 |
0 |
|u https://vlex.com/source/negociacion-y-contratacion-internacional-33407
|z Acceso restringido
|
| 942 |
|
|
|c BOOK
|
| 999 |
0 |
|
|a Commerce
|